Регионална библиотека "Любен Каравелов" - Русе

Терминологичен речник по растителна защита (Запис номер 61228)

MARC детайли
000 -Лидер
Контролно поле с фиксирана дължина 01398nam a2200325 c 4500
003 - Код на организацията, давaща контролен номер
Контролно поле BLK
005 - Дата и час на последна редакция
Контролно поле 20180422102429.0
008 - Елементи от данни с фиксирана дължина
fixed length control field 180408b bul|||||r ||||||| ||bul||
010 ## - Наследен системен номер
LC control number KNG00065422000
040 ## - Източник на каталожния запис
Идентификатор на билиотеката - собственик на записа BLK
041 ## - Код за език
Код за езика на текст/звукозапис или на отделно заглавие Български
Код за езика КДБФ Български
080 ## - УДК
Текстов определител УДК Борба с болестите и вредителите на растенията
УДК код - определител по УДК 632.9
УДК определител (038.1)
УДК - код + определител 632.9(038.1)
100 1# - Редна дума - Автор
Автор Марков, Марко
Авторска отговорност първи автор
Автор - информация (биография) Ванков, Марко Марков
R(LIN) 364381
139 ## - Редно поле
Редна дума Терминологичен речник по растителна защита
Авторски знак Тер - Т 53
245 10 - Сведения за заглавието
Заглавие Терминологичен речник по растителна защита
Подзаглавни данни Т. 1 -
Редно поле (дума) Марко Марков; обща ред. на Марко Марков.
Том Т. 2
Заглавие на том Р - Я
257 ## - Страна на издаване
Страна на създаване/издаване България
260 ## - Област на издателските данни
-- София
Име на издателя, разпространителя и проч. Земиздат
Година на издаване 1989
300 ## - Физическа характеристика
Размери/Мащаб 21 см
380 ## - Жанр
Жанр Селско стопанство
650 #4 - Допълнително описание по предмет – тема
Основно описание – тема или топоним Растителна защита - справочници
9 (RLIN) 255418
653 ## - Ключова дума – ненормативна
Ключова дума растителна защита
653 ## - Ключова дума – ненормативна
Ключова дума терминологични речници
700 1# - Други автори (авторска отговорност)
Лично име Марков, Марко
Автороска отговорност (Описва отношението между автора и произведението) обща ред. на
Друга информация Ванков, Марко Марков
9 (RLIN) 364381
760 1# - Описание на основната серия
Редна дума на основното описание Марков, Марко
Страници - том 316 с., 21 см
Заглавие Т. 2 Р - Я
852 ## - Местоположение
Форматна сигнатура Цб 159207
856 4# - Електронен адрес и достъп
Електронен формат pdf - файл
Път до файла /url/
856 4# - Електронен адрес и достъп
Електронен формат pdf - файл
Път до файла /url/
942 ## - АРТИКУЛИ
Вид на библиотечния материал Книги
Скрит в OPAC Не
944 ## - СЪЗДАВАНЕ И РЕДАКЦИЯ на ЗАПИСА
Създаване/Редакция Създаване
Дата на регистрацията/редакция 13.06.2004
Служител, извършил регистрацията/редакцията Кети_Илиева
944 ## - СЪЗДАВАНЕ И РЕДАКЦИЯ на ЗАПИСА
Създаване/Редакция Редакция
Дата на регистрацията/редакция 18.02.2011
Служител, извършил регистрацията/редакцията
999 ## - СИСТЕМНИ КОНТРОЛНИ НОМЕРА
Koha biblionumber 61228
Koha biblioitemnumber 61228
Наличности
Код за отписване Код за изгубен артикул Източник на класификационната схема Код за повреда Коз за рестрикции Код за отдаване Артикулен № Име на библиотеката - собственик Име на библиотеката, в която се намира в момента Статус (Текущо местоположение) Дата на вписване в системата Местоположение - отдел Цена в лева Инвентарен номер Систематично азбучна сигнатура Баркод Номер на екземпляра Цена в евро Служебна бележка Служебен тип на артикула
Изтеглен Не е изгубен Universal Decimal Classification Не е повреден без рестрикции ползва се в читалня 101230 Регионална библиотека "Любен Каравелов" Русе Регионална библиотека "Любен Каравелов" Русе Читалня - справочен фонд 1989-01-01 Читалня - справочен фонд 2.90 541217 СЧ 632/Т 53 541217 1 1.48 Дост: Pk Вид: Ф N: стар фонд Дата: 01.01.1989 Дата инв: 20.03.2017 Бележки инв: СЧ2017 Книги
  Не е изгубен Universal Decimal Classification Не е повреден без рестрикции ползва се в читалня 101231 Регионална библиотека "Любен Каравелов" Русе Регионална библиотека "Любен Каравелов" Русе Хранилище 1989-01-01 Хранилище 2.90 526225 Цб 159207 120000526225 2 1.48 Дост: Dp Вид: Д N: стар фонд Дата: 01.01.1989 Книги
  Не е изгубен Universal Decimal Classification Не е повреден без рестрикции заемане за дома 101232 Регионална библиотека "Любен Каравелов" Русе Регионална библиотека "Любен Каравелов" Русе Заемна - подръчен фонд 1989-01-01 Заемна - подръчен фонд 2.90 541216 П 623.9/Т 53 120000541216 3 1.48 Дост: Pk Вид: Ф N: стар фонд Дата: 01.01.1989 Дата инв: 06.02.2018 Бележки инв: П2018 Книги
Изтеглен Не е изгубен Universal Decimal Classification Не е повреден без рестрикции ползва се в читалня 101233 Регионална библиотека "Любен Каравелов" Русе Регионална библиотека "Любен Каравелов" Русе Заемна - справочен фонд 1989-01-01 Заемна - справочен фонд 2.90 602516 СП 623.9/Т 53 602516 4 1.48 Дост: Pk Вид: Ф N: стар фонд Дата: 01.01.1989 Дата инв: 16.02.2018 Бележки инв: СП2018 Книги
Vip Innovations Ltd, Rousse, Bulgaria 2025